[Event "RLP Seniors op 17th"]
[Site "Neustadt an der Weinstrasse"]
[Date "2019.07.28"]
[Round "9"]
[White "Hauger, Albrecht"]
[Black "Wolkenstein, Eckhardt"]
[Result "1/2-1/2"]
[WhiteElo "1426"]
[BlackElo "1616"]
[PlyCount "90"]
[EventDate "2019.07.20"]
[EventType "swiss"]
[EventRounds "9"]
[EventCountry "GER"]
[SourceTitle "CBM 192 Extra"]
[Source "Chessbase"]
[SourceDate "2019.11.06"]
[SourceVersion "1"]
[SourceVersionDate "2019.11.06"]
[SourceQuality "1"]

1. d4 Nf6 2. c4 g6 3. Nc3 Bg7 4. Nf3 0-0 5. e4 d6 6. d5 c6 7. Bd3 Nbd7 8. Be3 Ng4 9. Bd2 Nde5 10. Be2 Nxf3+ 11. Bxf3 Ne5 12. Be2 f5 13. f4 Ng4 14. h3 Nf6 15. exf5 Bxf5 16. g4 Be4 17. 0-0 cxd5 18. g5 Nh5 19. cxd5 Ng3 20. Nxe4 Nxe4 21. Be3 Ng3 22. Rf3 Nxe2+ 23. Qxe2 b6 24. Rb1 Qd7 25. Kg2 Rac8 26. Rc1 Rc7 27. Rxc7 Qxc7 28. Rf1 Rc8 29. Rc1 Qb7 30. Rxc8+ Qxc8 31. Qd2 Qf5 32. Kh2 e5 33. b3 exf4 34. Bxf4 Be5 35. Bxe5 Qxe5+ 36. Kg2 Kg7 37. Kf3 Qf5+ 38. Kg2 Qe4+ 39. Kh2 Qe5+ 40. Kg2 b5 41. b4 a6 42. Kf3 Qf5+ 43. Kg2 Qe4+ 44. Kh2 Kh8 45. Kg3 Qe5+ 1/2-1/2

[Event "RLP Seniors op 17th"]
[Site "Neustadt an der Weinstrasse"]
[Date "2019.07.25"]
[Round "6"]
[White "Hauger, Albrecht"]
[Black "Hetzer, Margarete"]
[Result "1-0"]
[WhiteElo "1426"]
[BlackElo "1375"]
[PlyCount "56"]
[EventDate "2019.07.20"]
[EventType "swiss"]
[EventRounds "9"]
[EventCountry "GER"]
[SourceTitle "CBM 192 Extra"]
[Source "Chessbase"]
[SourceDate "2019.11.06"]
[SourceVersion "1"]
[SourceVersionDate "2019.11.06"]
[SourceQuality "1"]

1. d4 Nf6 2. c4 d5 3. e3 g6 4. Nc3 c6 5. Nf3 Bg7 6. Bd3 0-0 7. h3 b6 8. e4 h6 9. Be3 e6 10. Qd2 Ba6 11. b3 Re8 12. 0-0 Qc7 13. e5 Ne4 14. Nxe4 dxe4 15. Bxe4 Nd7 16. Bxh6 f6 17. Bxg6 Re7 18. exf6 Bxf6 19. Bf4 e5 20. dxe5 Nxe5 21. Nxe5 Bxe5 22. Bxe5 Rxe5 23. Qh6 Rf8 24. Rfe1 Rf6 25. Bh7+ Kh8 26. Qxf6+ Kxh7 27. Rxe5 Qg7 28. Qxg7+ Kxg7 1-0

[Event "RLP Seniors op 17th"]
[Site "Neustadt an der Weinstrasse"]
[Date "2019.07.22"]
[Round "3"]
[White "Humm, Peter"]
[Black "Hauger, Albrecht"]
[Result "1-0"]
[WhiteElo "1610"]
[BlackElo "1426"]
[PlyCount "79"]
[EventDate "2019.07.20"]
[EventType "swiss"]
[EventRounds "9"]
[EventCountry "GER"]
[SourceTitle "CBM 192 Extra"]
[Source "Chessbase"]
[SourceDate "2019.11.06"]
[SourceVersion "1"]
[SourceVersionDate "2019.11.06"]
[SourceQuality "1"]

1. c4 c5 2. Nc3 Nc6 3. Nf3 d6 4. g3 g6 5. Bg2 Bd7 6. b3 Bg7 7. Bb2 Nf6 8. 0-0 0-0 9. Rb1 Rb8 10. Re1 Re8 11. e3 Qc7 12. d4 cxd4 13. Nxd4 a6 14. Qd2 Rbd8 15. a3 Rb8 16. b4 Ne5 17. Nd5 Nxd5 18. cxd5 Qd8 19. Rec1 Rc8 20. Rxc8 Qxc8 21. Rc1 Qb8 22. h3 Bc8 23. Rc2 Nd7 24. Qc1 Nb6 25. Nb3 Bd7 26. Bxg7 Kxg7 27. Qb2+ Kg8 28. Qd4 Rc8 29. Rxc8+ Nxc8 30. Qc3 b5 31. Nd4 Na7 32. e4 Qc8 33. Qxc8+ Nxc8 34. Nc6 Bxc6 35. dxc6 e5 36. Bf3 Kf8 37. Bg4 Nb6 38. c7 h5 39. c8Q+ Nxc8 40. Bxc8 1-0

[Event "RLP Seniors op 17th"]
[Site "Neustadt an der Weinstrasse"]
[Date "2019.07.20"]
[Round "1"]
[White "Haertner, Helmut"]
[Black "Hauger, Albrecht"]
[Result "1-0"]
[WhiteElo "1911"]
[BlackElo "1426"]
[PlyCount "49"]
[EventDate "2019.07.20"]
[EventType "swiss"]
[EventRounds "9"]
[EventCountry "GER"]
[SourceTitle "CBM 192 Extra"]
[Source "Chessbase"]
[SourceDate "2019.11.06"]
[SourceVersion "1"]
[SourceVersionDate "2019.11.06"]
[SourceQuality "1"]

1. d4 d5 2. Nf3 e6 3. c4 c5 4. Nc3 Nc6 5. g3 Nf6 6. Bg5 cxd4 7. Nxd4 Be7 8. cxd5 Nxd5 9. Bxe7 Ncxe7 10. Bg2 Nxc3 11. bxc3 Rb8 12. Qa4+ Bd7 13. Qxa7 Qc8 14. 0-0 0-0 15. Rfc1 Nc6 16. Qb6 Qd8 17. Rab1 Qxb6 18. Rxb6 Rfc8 19. Rcb1 Nxd4 20. cxd4 g6 21. Bxb7 Rd8 22. R6b4 Bc8 23. Bf3 Rxb4 24. Rxb4 Bd7 25. a4 1-0

[Event "Rhein Main op-B 20th"]
[Site "Bad Homburg"]
[Date "2017.06.15"]
[Round "2"]
[White "Boehme, Jonas"]
[Black "Hauger, Albrecht"]
[Result "1-0"]
[WhiteElo "1718"]
[BlackElo "1442"]
[PlyCount "63"]
[EventDate "2017.06.14"]
[EventType "swiss"]
[EventRounds "7"]
[EventCountry "GER"]
[SourceTitle "EXT 2018"]
[Source "ChessBase"]
[SourceDate "2017.10.13"]
[SourceVersion "1"]
[SourceVersionDate "2017.10.13"]
[SourceQuality "1"]

1. e4 c5 2. Nf3 d6 3. d4 cxd4 4. Nxd4 Nc6 5. Nc3 a6 6. Bc4 e6 7. Be3 Nf6 8. f4 Qc7 9. Qe2 Be7 10. g4 e5 11. Nf5 Bxf5 12. gxf5 exf4 13. Bxf4 Nd4 14. Qd3 Nxc2+ 15. Qxc2 Qxc4 16. b3 Qc6 17. Rc1 Rc8 18. Qg2 g6 19. Nd5 Qxc1+ 20. Bxc1 Rxc1+ 21. Kd2 Rxh1 22. Nxf6+ Bxf6 23. Qxh1 Be5 24. h3 0-0 25. Qg2 Bf6 26. Qg4 Kh8 27. fxg6 fxg6 28. Qd7 b5 29. Qb7 Re8 30. Qxa6 Rxe4 31. Qa8+ Kg7 32. Qxe4 1-0

[Event "Rhein Main op-B 19th"]
[Site "Bad Homburg"]
[Date "2016.05.28"]
[Round "5"]
[White "Hauger, Albrecht"]
[Black "Lochmann, Tobias"]
[Result "1-0"]
[WhiteElo "1429"]
[BlackElo "729"]
[PlyCount "65"]
[EventDate "2016.05.25"]
[EventType "swiss"]
[EventRounds "7"]
[EventCountry "GER"]
[SourceTitle "EXT 2017"]
[Source "ChessBase"]
[SourceDate "2016.10.25"]
[SourceVersion "1"]
[SourceVersionDate "2016.10.25"]
[SourceQuality "1"]

1. d4 d5 2. e3 Nf6 3. c4 c6 4. Nc3 e6 5. a3 Nbd7 6. Nf3 Bd6 7. Qc2 e5 8. e4 exd4 9. Nxd4 Nb6 10. b3 0-0 11. Nf3 Re8 12. Bd3 Bf5 13. Bg5 Qc8 14. Bxf6 Nd7 15. Bd4 c5 16. Bxg7 Ne5 17. Bxe5 Bxe5 18. Nxe5 Rxe5 19. Nxd5 Qd8 20. 0-0-0 Qg5+ 21. Ne3 Bd7 22. g3 Rae8 23. f4 Qf6 24. fxe5 Qxe5 25. Nd5 Qg5+ 26. Qd2 Qe5 27. Kb1 Bc6 28. Rhe1 f6 29. Rc1 Qd4 30. Rf1 Rf8 31. Qf4 Qxd3+ 32. Kb2 Qd4+ 33. Rc3 1-0

[Event "Rhein Main op-B 19th"]
[Site "Bad Homburg"]
[Date "2016.05.27"]
[Round "4"]
[White "Hegener, Daniel"]
[Black "Hauger, Albrecht"]
[Result "1-0"]
[WhiteElo "1636"]
[BlackElo "1429"]
[PlyCount "37"]
[EventDate "2016.05.25"]
[EventType "swiss"]
[EventRounds "7"]
[EventCountry "GER"]
[SourceTitle "EXT 2017"]
[Source "ChessBase"]
[SourceDate "2016.10.25"]
[SourceVersion "1"]
[SourceVersionDate "2016.10.25"]
[SourceQuality "1"]

1. Nf3 d5 2. c4 e6 3. g3 c5 4. Bg2 Nf6 5. d4 Nc6 6. 0-0 Be7 7. Bf4 cxd4 8. Nxd4 Nxd4 9. Qxd4 dxc4 10. Qxc4 0-0 11. Nc3 a6 12. Rfd1 Qe8 13. Qb3 Ra7 14. Qb6 Ra8 15. Bd6 Nd7 16. Qb4 Bxd6 17. Rxd6 Rb8 18. Rad1 b5 19. Bc6 1-0

[Event "Rhein Main op-B 19th"]
[Site "Bad Homburg"]
[Date "2016.05.25"]
[Round "1"]
[White "Hauger, Albrecht"]
[Black "Froehlich Dill, Astrid"]
[Result "0-1"]
[WhiteElo "1429"]
[BlackElo "1811"]
[PlyCount "68"]
[EventDate "2016.05.25"]
[EventType "swiss"]
[EventRounds "7"]
[EventCountry "GER"]
[SourceTitle "EXT 2017"]
[Source "ChessBase"]
[SourceDate "2016.10.25"]
[SourceVersion "1"]
[SourceVersionDate "2016.10.25"]
[SourceQuality "1"]

1. d4 Nf6 2. c4 e6 3. Nc3 b6 4. Nf3 Bb7 5. e3 Be7 6. a3 a5 7. g3 d5 8. b3 0-0 9. Bg2 Nbd7 10. 0-0 c5 11. Re1 Rc8 12. Bb2 dxc4 13. bxc4 cxd4 14. Nxd4 Bxg2 15. Kxg2 Rxc4 16. Rc1 Qa8+ 17. f3 Rd8 18. Qe2 Ne5 19. Kf2 Bc5 20. Red1 h5 21. Ncb5 Rxc1 22. Bxc1 Rd7 23. e4 Qd8 24. Be3 Neg4+ 25. fxg4 Nxg4+ 26. Ke1 Nxe3 27. Qxe3 e5 28. Qf3 exd4 29. Qd3 Qf6 30. a4 Re7 31. Nxd4 Rd7 32. Qf3 Rxd4 33. Qxf6 Rxe4+ 34. Kf1 gxf6 0-1

[Event "Stuttgart-chB int"]
[Site "Ditzingen"]
[Date "2016.05.07"]
[Round "5"]
[White "Hauger, Albrecht"]
[Black "Schmitz, Harald"]
[Result "0-1"]
[WhiteElo "1429"]
[BlackElo "1691"]
[PlyCount "76"]
[EventDate "2016.05.05"]
[EventType "swiss"]
[EventRounds "7"]
[EventCountry "GER"]
[SourceTitle "EXT 2018"]
[Source "ChessBase"]
[SourceDate "2017.10.13"]
[SourceVersion "1"]
[SourceVersionDate "2017.10.13"]
[SourceQuality "1"]

1. d4 Nf6 2. c4 g6 3. Nc3 d5 4. e3 Bg7 5. Bd3 0-0 6. Nf3 a6 7. e4 dxe4 8. Nxe4 Nbd7 9. Be3 Nxe4 10. Bxe4 Nf6 11. Bc2 Bd7 12. h3 b5 13. b3 Ne8 14. c5 Bc6 15. b4 Nf6 16. Bb3 Nd5 17. Bd2 Re8 18. 0-0 e5 19. dxe5 Bxe5 20. Nxe5 Rxe5 21. Re1 Rxe1+ 22. Bxe1 Qd7 23. Qd4 Rd8 24. Rd1 Ne7 25. Bc3 Qxd4 26. Rxd4 Rxd4 27. Bxd4 Bd5 28. Bxd5 Nxd5 29. a3 f6 30. h4 Kf7 31. g3 Ke6 32. f3 Ne7 33. Kf2 f5 34. f4 Kd5 35. Bf6 Nc6 36. Bb2 a5 37. Bc3 axb4 38. axb4 Kc4 0-1

[Event "Stuttgart-chB int"]
[Site "Ditzingen"]
[Date "2016.05.06"]
[Round "3"]
[White "Hauger, Albrecht"]
[Black "Herbst, Rudolf"]
[Result "0-1"]
[WhiteElo "1429"]
[BlackElo "1648"]
[PlyCount "94"]
[EventDate "2016.05.05"]
[EventType "swiss"]
[EventRounds "7"]
[EventCountry "GER"]
[SourceTitle "EXT 2018"]
[Source "ChessBase"]
[SourceDate "2017.10.13"]
[SourceVersion "1"]
[SourceVersionDate "2017.10.13"]
[SourceQuality "1"]

1. d4 d5 2. e3 Nf6 3. c4 c6 4. Nc3 g6 5. Nf3 Bg7 6. h3 Nbd7 7. Qc2 dxc4 8. Bxc4 Nb6 9. Bd3 Nbd5 10. a3 Nxc3 11. bxc3 e6 12. e4 Qe7 13. Be3 Nd7 14. 0-0 0-0 15. Rfc1 c5 16. Be2 b6 17. a4 Bb7 18. a5 cxd4 19. cxd4 Rfc8 20. Qb1 Rxc1+ 21. Qxc1 Bxe4 22. Qc7 Qd8 23. Qxd8+ Rxd8 24. Nd2 Bd5 25. Bf3 Bxf3 26. Nxf3 e5 27. dxe5 Nxe5 28. Nxe5 Bxe5 29. Rb1 bxa5 30. Bxa7 Rd7 31. Bb6 Rb7 32. Re1 Rxb6 33. Rxe5 Ra6 34. Re3 a4 35. Ra3 Kg7 36. Kf1 g5 37. f3 h5 38. Ke2 Kf6 39. Kd3 h4 40. Ke3 Kf5 41. Kf2 Kf4 42. Kf1 Kg3 43. f4+ Kxf4 44. Rf3+ Ke4 45. Rxf7 a3 46. Re7+ Kd3 47. Re8 Kc2 0-1

[Event "Stuttgart-chB int"]
[Site "Ditzingen"]
[Date "2016.05.05"]
[Round "2"]
[White "Hauger, Albrecht"]
[Black "Vuckovic, Nebojsa"]
[Result "0-1"]
[WhiteElo "1429"]
[BlackElo "1626"]
[PlyCount "112"]
[EventDate "2016.05.05"]
[EventType "swiss"]
[EventRounds "7"]
[EventCountry "GER"]
[SourceTitle "EXT 2018"]
[Source "ChessBase"]
[SourceDate "2017.10.13"]
[SourceVersion "1"]
[SourceVersionDate "2017.10.13"]
[SourceQuality "1"]

1. d4 Nf6 2. c4 d6 3. h3 c6 4. Nc3 Qc7 5. e4 e5 6. Nf3 Nbd7 7. Be2 Be7 8. Be3 h6 9. 0-0 Nf8 10. d5 Ng6 11. Nh2 0-0 12. Ng4 Kh7 13. Nxf6+ Bxf6 14. Bg4 Be7 15. Bxc8 Qxc8 16. Ne2 f5 17. exf5 Rxf5 18. f4 exf4 19. Nxf4 Nxf4 20. Rxf4 Rxf4 21. Bxf4 Qf5 22. Be3 Qe4 23. Qd4 Qxd4 24. Bxd4 c5 25. Bc3 Bh4 26. Rf1 Kg6 27. Rf3 Re8 28. g3 Bf6 29. Bxf6 gxf6 30. Kf2 Re4 31. b3 h5 32. Rf4 Re5 33. h4 f5 34. a4 b6 35. Rf3 Re4 36. Rf4 Re5 37. Rf3 Kf6 38. Rf4 Re4 39. Kf3 Ke5 40. Rxe4+ fxe4+ 41. Ke3 Kf5 42. Kf2 Kg4 43. Ke3 Kxg3 44. Kxe4 Kg4 45. Ke3 Kxh4 46. Kf3 Kg5 47. Kg3 h4+ 48. Kh3 a6 49. Kh2 Kg4 50. Kg2 h3+ 51. Kf2 Kf4 52. Kg1 Kg3 53. Kh1 h2 54. a5 bxa5 55. b4 cxb4 56. c5 b3 0-1